LDR 01167nam a2200253 i 4500 001 000000001163 003 CaOOAMICUS 005 20260331162622.0 008 180830s1970 it d u000 u ita u 040 $aSeMil$bita 245 10$aDizionario delle lingue Italiana e Inglese /$crelizzato dal Centro Lessicografico Sansoni, sotto la direzione di Vladimiro Macchi. 246 01$aDictionary of the italian and english languages 264 1$aFirenze ; Roma :$bSansoni,$c1970. 300 $a4 v. ;$c30 cm 490 1 $aI grandi dizionari Sansoni 650 4$aLingua inglese - Dizionari, vocabolari, glossari, etc.$0(OLS)http://semarc/subject/335 700 1 $aMacchi, Vladimiro.$0(OLS)http://semarc/name/1017 774 0 $tItaliano-Inglese.$w()1423 774 0 $tInglese-Italiano.$w()1415 830 2$aI grandi dizionari Sansoni.$0(OLS)http://semarc/title/1595 996 $6245$aDizionario delle lingue Italiana e Inglese$9(OLS)http://semarc/title/1886 996 $6246$aDictionary of the italian and english languages$9(OLS)http://semarc/title/458937 996 $6264$aFirenze ; Roma :$bSansoni$9(OLS)http://semarc/publisher/30106